000 01441nam a22001577a 4500
003 SGT
020 _a9789332902572
100 _aCHANDRA,PRASANNA
245 _aPROJECT
_bPLANNING ANALYSIS,SELECTION,FINANCING,IMPLEMENTATION,AND REVIEW
250 _a8TH
260 _aNEW DELHI
_bTMH
_c2014
300 _aV.P
650 _aMANAGEMENT
653 _aPART I: PLANNING 1. OVERVIEW 2. STRATEGY AND RESOURCE ALLOCATION 3. GENERATION AND SCREENING OF PROJECT IDEAS PART II: ANALYSIS 4. MARKET AND DEMAND ANALYSIS 5. TECHNICAL ANALYSIS 6. FINANCIAL ESTIMATES AND PROJECTIONS PART III: SELECTION I 7. THE TIME VALUE OF MONEY 8. INVESTMENT CRITERIA 9. PROJECT CASH FLOWS 10. THE COST OF CAPITAL 11. PROJECT RISK ANALYSIS PART IV: SELECTION II 12. PROJECT RATE OF RETURN 13. SPECIAL DECISIONS SITUATIONS 14. SOCIAL COST BENEFIT ANALYSIS 15. MULTIPLE PROJECTS AND CONSTRAINTS 16. VALUATION OF REAL OPTIONS 17. JUDGEMENTAL, BEHAVIOURAL, STRATEGIC, AND ORGANISATIONAL CONSIDERATIONS PART V: FINANCING 18. FINANCING OF PROJECTS 19. FINANCING INFRASTRUCTURE PROJECTS 20. VENTURE CAPITAL AND PRIVATE EQUITY PART VI: IMPLEMENTATION 21. PROJECT MANAGEMENT 22. NETWORK TECHNIQUES FOR PROJECT MANAGEMENT PART VII: REVIEW 23. PROJECT REVIEW AND ADMINISTRATIVE ASPECTS APPENDIX A: TABLES APPENDIX B: ASSESSING THE TAX BURDEN APPENDIX C: ENVIRONMENTAL IMPACT ASSESSMENT APPENDIX D: DETAILED PROJECT REPORT BIBLIOGRAPHY
942 _2ddc
_cFCM
999 _c8918
_d8918